Statistics for Things that are Red by Picture

Click here to take the quiz!

General Stats

  • This quiz has been taken 8,801 times
  • The average score is 12 of 18

Answer Stats

Answer % Correct
Rose
100%
Ladybug
94%
Mars
89%
Maple
89%
Little Red Riding Hood
86%
London
85%
Fez
78%
Mitsubishi
72%
Red Panda
71%
Red Light District
70%
Vietnam
60%
Red Lantern
60%
Cardinal
60%
Saffron
58%
Moulin Rouge
58%
Red Currant
39%
Wattle
30%
Habanero
30%

Score Distribution

Percentile by Number Answered

Percent of People with Each Score

Your Score History

You have not taken this quiz